Normal view
MARC view
- شواهين، خير سليمان، م مشارك شهرزاد صالح بدندي
Entry Personal Name
001 - CONTROL NUMBER
- control field: 63189
003 - CONTROL NUMBER IDENTIFIER
- control field: JO-AjAnu
005 - DATE AND TIME OF LATEST TRANSACTION
- control field: 20230606084321.0
008 - FIXED-LENGTH DATA ELEMENTS
- fixed length control field: 230606|| aca||aabn | a|a d
040 ## - CATALOGING SOURCE
- Original cataloging agency: JO-AjAnu
- Transcribing agency: JO-AjAnu
100 ## - HEADING--PERSONAL NAME
- Personal name: شواهين، خير سليمان، م مشارك شهرزاد صالح بدندي
670 ## - SOURCE DATA FOUND
- Source citation: Work cat.: (JO-AjAnu)32217: شواهين، خير سليمان، م مشارك شهرزاد صالح بدندي, author, حل المشكلات باستخدام التفكير الابداعي: نماذج وتطبيقات